The political correspondence of Esarhaddon
| Authors: | ; |
|---|---|
| Corporate Authors: | ; |
| Contributors: | ; |
| Format: | Print Book |
| Language: | English Akkadian |
| Subito Delivery Service: | Order now. |
| Check availability: | HBZ Gateway |
| WorldCat: | WorldCat |
| Interlibrary Loan: | Interlibrary Loan for the Fachinformationsdienste (Specialized Information Services in Germany) |
| Published: |
Helsinki
Helsinki Univ. Press
2002
|
| In: |
State archives of Assyria (Vol. 16)
Year: 2002 |
| Reviews: | [Rezension von: Luukko, Mikko, The Political Correspondence of Esarhaddon. State Archives of Assyria, 16] (2005) (Ponchia, Simonetta)
|
| Series/Journal: | State archives of Assyria
Vol. 16 |
| Standardized Subjects / Keyword chains: | B
Esarhaddon Assyria, King -669 BC
/ Politics
|
| Further subjects: | B
Assyria
Kings and rulers Correspondence
B Esarhaddon King of Assyria (d. 669 B.C) Correspondence B Correspondence B Assyro-Babylonian letters |
MARC
| LEADER | 00000cam a2200000 cb4500 | ||
|---|---|---|---|
| 001 | 361990383 | ||
| 003 | DE-627 | ||
| 005 | 20251223202058.0 | ||
| 007 | tu | ||
| 008 | 030401s2002 fi ||||| 00| ||eng c | ||
| 020 | |a 9515705398 |c (paperback) |9 951-570-539-8 | ||
| 020 | |a 951570538X |c (hardbound) |9 951-570-538-X | ||
| 035 | |a (DE-627)361990383 | ||
| 035 | |a (DE-599)GBV361990383 | ||
| 035 | |a (OCoLC)237675665 | ||
| 040 | |a DE-627 |b ger |c DE-627 |e rakwb | ||
| 041 | |a eng |a akk | ||
| 044 | |c XA-FI | ||
| 050 | 0 | |a PJ3837.E7 | |
| 082 | 0 | |a 492/.1 |q BSZ | |
| 084 | |a 6,22 |a 6,23 |2 ssgn | ||
| 084 | |a EM 2150 |q BSZ |2 rvk |0 (DE-625)rvk/24927: | ||
| 084 | |a EM 2650 |2 rvk |0 (DE-625)rvk/24935: | ||
| 084 | |a EM 2800 |2 rvk |0 (DE-625)rvk/24937: | ||
| 084 | |a 11.43 |2 bkl | ||
| 100 | 1 | |8 1\p |0 (DE-588)1160106525 |0 (DE-627)1023257599 |0 (DE-576)186029934 |4 aut |a Luukko, Mikko |d 1968- | |
| 109 | |a Luukko, Mikko 1968- | ||
| 245 | 1 | 4 | |a The political correspondence of Esarhaddon |c by Mikko Luukko and Greta van Buylaere. With Contributions by Simo Parpola. Ill. ed. by Julian Reade |
| 264 | 1 | |a Helsinki |b Helsinki Univ. Press |c 2002 | |
| 300 | |a LV, 221 S. |b Ill. |c 26 cm | ||
| 336 | |a Text |b txt |2 rdacontent | ||
| 337 | |a ohne Hilfsmittel zu benutzen |b n |2 rdamedia | ||
| 338 | |a Band |b nc |2 rdacarrier | ||
| 361 | 1 | |5 DE-18-303 |y 4608506617 |s 4-AS/ EM 2800 L975 |o Vorbesitz |a Renger, Johannes |0 (DE-588)121653331 |0 (DE-627)08144611X |0 (DE-576)213846241 |f Autogramm | |
| 490 | 1 | |a State archives of Assyria / publ. by the Neo-Assyrian Text Corpus Project of the Academy of Finnland in co-operation with Deutsche Orient-Gesellschaft. Ed. in chief: Simo Parpola; ... |v Vol. 16 | |
| 546 | |a Enth. assyr. Texte in lat. Umschr. und engl. Übers. - Erl. engl. | ||
| 583 | 1 | |a Archivierung prüfen |c 20240324 |f DE-4165 |z 1 |2 pdager | |
| 600 | 1 | 0 | |a Esarhaddon |c King of Assyria |d d. 669 B.C |v Correspondence |
| 650 | 0 | |a Assyro-Babylonian letters | |
| 651 | 0 | |a Assyria |x Kings and rulers |v Correspondence | |
| 655 | 7 | |a Briefsammlung |0 (DE-588)4146609-3 |0 (DE-627)104269936 |0 (DE-576)209750472 |2 gnd-content | |
| 689 | 0 | 0 | |d p |0 (DE-588)118504622 |0 (DE-627)079309100 |0 (DE-576)179556738 |2 gnd |a Asarhaddon |c Assyrien, König |d -v669 |
| 689 | 0 | 1 | |d s |0 (DE-588)4046514-7 |0 (DE-627)104152206 |0 (DE-576)209069945 |2 gnd |a Politik |
| 689 | 0 | |5 (DE-627) | |
| 700 | 1 | |8 2\p |0 (DE-588)1160106169 |0 (DE-627)1023256789 |0 (DE-576)505519623 |4 aut |a Van Buylaere, Greta |d 1973- | |
| 700 | 1 | |0 (DE-588)138568782 |0 (DE-627)604368607 |0 (DE-576)308102827 |4 oth |a Parpola, Simo |d 1943- | |
| 700 | 1 | |0 (DE-588)173085059 |0 (DE-627)698008693 |0 (DE-576)133937186 |4 oth |a Reade, Julian |d 1938- | |
| 710 | 2 | |0 (DE-588)131392-7 |0 (DE-627)102471347 |0 (DE-576)190724498 |4 oth |a Suomen Akatemia |g Helsinki | |
| 710 | 2 | |0 (DE-588)37089-7 |0 (DE-627)100849326 |0 (DE-576)190350458 |4 oth |a Deutsche Orient-Gesellschaft | |
| 787 | 0 | 8 | |i Rezensiert in |a Ponchia, Simonetta |t [Rezension von: Luukko, Mikko, The Political Correspondence of Esarhaddon. State Archives of Assyria, 16] |d 2005 |w (DE-627)1801461740 |
| 830 | 0 | |a State archives of Assyria |v Vol. 16 |9 16.2002 |w (DE-627)03189173X |w (DE-576)9031891738 |7 am | |
| 883 | |8 1\p |a cgwrk |d 20241001 |q DE-101 |u https://d-nb.info/provenance/plan#cgwrk | ||
| 883 | |8 2\p |a cgwrk |d 20241001 |q DE-101 |u https://d-nb.info/provenance/plan#cgwrk | ||
| 936 | r | v | |a EM 2150 |b Primäreditionen (z.B. bestimmter Museen, Institute, Fundorte) |k Allgemeine und vergleichende Sprach- und Literaturwissenschaft. Indogermanistik. Außereuropäische Sprachen und Literaturen |k Altorientalische Sprachen und Literaturen |k Akkadisch-Sumerische Literatur |k Textsammlungen und Sekundärliteratur |k Primäreditionen (z.B. bestimmter Museen, Institute, Fundorte) |0 (DE-627)1271232472 |0 (DE-625)rvk/24927: |0 (DE-576)201232472 |
| 936 | r | v | |a EM 2650 |b Königsinschriften |k Allgemeine und vergleichende Sprach- und Literaturwissenschaft. Indogermanistik. Außereuropäische Sprachen und Literaturen |k Altorientalische Sprachen und Literaturen |k Akkadisch-Sumerische Literatur |k Textsammlungen und Sekundärliteratur |k Einzelne Gattungen (auch gattungsbezogene Sekundärliteratur und Übersetzungen) |k Königsinschriften |0 (DE-627)1271232553 |0 (DE-625)rvk/24935: |0 (DE-576)201232553 |
| 936 | r | v | |a EM 2800 |b Briefe |k Allgemeine und vergleichende Sprach- und Literaturwissenschaft. Indogermanistik. Außereuropäische Sprachen und Literaturen |k Altorientalische Sprachen und Literaturen |k Akkadisch-Sumerische Literatur |k Textsammlungen und Sekundärliteratur |k Einzelne Gattungen (auch gattungsbezogene Sekundärliteratur und Übersetzungen) |k Briefe |0 (DE-627)1271232588 |0 (DE-625)rvk/24937: |0 (DE-576)201232588 |
| 936 | b | k | |a 11.43 |j Altes Testament in Beziehung zu anderen Kulturen |0 (DE-627)106404318 |
| 951 | |a MV | ||
| BIB | |a 1 | ||
| ELC | |b 1 | ||
| ORI | |a SA-MARC-ixtheo_oa001.raw | ||
| REL | |a 1 | ||
| STA | 0 | 0 | |a Politics,Politics and government,Politics, Practical,Politics in art |
| STB | 0 | 0 | |a Politique,Politique,Pratiques politiques |
| STC | 0 | 0 | |a Política,Política |
| STD | 0 | 0 | |a Politica,Politica |
| STE | 0 | 0 | |a 政治,政治 |
| STF | 0 | 0 | |a 政治,政治 |
| STG | 0 | 0 | |a Política,Política |
| STH | 0 | 0 | |a Политика (мотив),Политика |
| STI | 0 | 0 | |a Πολιτική (μοτίβο),Πολιτική |
| SUB | |a BIB |a REL | ||
| SYF | 0 | 0 | |a Provinz Assyria,Provincia Assyria |
| SYG | 0 | 0 | |a Esarhaddon,Assyrien, König,-v669,Assarhaddon,Assyrien, König,-v669,Esarhaddon,Assyrie, Roi,-v669,Esarhaddon,Assyria, King,-v669,Aššur-aḫḫe-iddina,-v669,Aschschur-achche-iddina,-v669,Aššur-etil-ilani-apli,-v669,Aššur-etil-ilani-mukīn-apli,-v669 , Staatspolitik,Politische Lage,Politische Entwicklung,Politics,Public policy,Staatspolitik,Politische Lage,Politische Entwicklung,Politische Situation |



